=LDR 00000nam 2200000 4500 =001 INLIS000000000032668 =005 20130612134651 =008 ***********************************ind** =035 ##$$0010-061300000032668 =041 ##$$a ind =082 ##$$a 2x5.4 =090 ##$$a 2x5.4, Fua k =100 ##$$a Fuad, Isnaeni =245 ##$$a Keajaiban Shalawat, Isnaeni Fuad =260 ##$$a [S.a] $b Jombang =300 ##$$a 240 hlm., Ilus., 19 cm =650 ##$$a Doa dan Wirid =850 ##$$a NBPNMAT